000 00691nam a2200217Ia 4500
003 GCL
008 140319s9999 xx 000 0 ara d
040 _aGCL /
_cGCL
082 0 4 _a320.956
_bا ف
100 1 _aاحمد صدقى الدجانى
245 1 0 _aفى مواجهة نظام الشرق الاوسط /
_cاحمد صدقى الدجانى
260 _a[S.N] :
_bدار المستقبل العربى ،
_c1994
300 _a144 ص
490 _a
650 0 4 _aالعالم العربى
650 0 4 _aالاحوال السياسية
650 0 4 _aالشرق الاوسط
650 0 4 _aاسرائيل
650 0 4 _aالنظام العالمى الحديث
942 _2ddc
_cBK
999 _c34624
_d34624